Palabra de filosofo. Jornadas de reflexión en el día mundial de la filosofía

Uloženo v:
Podrobná bibliografie
Hlavní autoři: Colodro, Max (Autor), Foxley, Ana María (Autor), Rosseti, Carolina (Autor)
Médium: Kniha
Jazyk:španělština
Vydáno: Santiago Lom 2007
Témata:
Tagy: Přidat tag
Žádné tagy, Buďte první, kdo vytvoří štítek k tomuto záznamu!

MARC

LEADER 00000nam a2200000 a 4500
001 UCI2851
003 CL-VaPUC
008 070928e20070000CL |||||||||||||||||spa|d
020 |a 9789562921480 
082 0 4 |a 100  |b COL  |2 21 
100 0 |a Colodro, Max  |e author  |9 524044 
700 0 |a Foxley, Ana María  |e author  |9 524045 
700 0 |a Rosseti, Carolina  |e author  |9 524046 
245 1 0 |a Palabra de filosofo. Jornadas de reflexión en el día mundial de la filosofía 
300 |a 438 p 
942 |c BK 
945 |d 20070928 00:00:00  |a rbrito 
260 |a Santiago  |b Lom  |c 2007 
650 0 |a Filosofía   |9 223554 
650 0 |a Ética  |9 255099 
650 0 |a Violencia  |9 255411 
650 0 |a Justicia   |9 255408 
650 0 |a Democracia  |9 255256 
650 0 |a Enseñanza de la filosofía   |9 256848 
583 |a last modification  |c 20070928 00:00:00  |k Rodrigo Vera 
999 |c 327273  |d 327271 
952 |0 0  |1 0  |4 0  |6 100_000000000000000_COL_2007  |7 0  |8 A  |9 409845  |a FDOPOS  |b FDOPOS  |d 2019-11-22  |i 4375106  |o 100 COL 2007  |p 4375106  |r 2025-01-22  |w 2019-11-22  |y BK  |k MLA